[Event "Montreal Ligue elite du dimanche S10"]
[Site "Montreal"]
[Date "2019.04.07"]
[Round "5"]
[White "Omichi, Haruaki"]
[Black "Bilodeau Savaria, Carl William"]
[Result "1-0"]
[WhiteElo "1711"]
[BlackElo "1338"]
[PlyCount "115"]
[EventDate "2019.02.10"]
[EventType "swiss"]
[EventRounds "5"]
[EventCountry "CAN"]
[SourceTitle "EXT 2022"]
[Source "ChessBase"]
[SourceDate "2021.10.06"]
[SourceVersion "1"]
[SourceVersionDate "2021.10.06"]
[SourceQuality "1"]
[WhiteTeam "Rybkaz"]
[BlackTeam "Les Veterans"]
[WhiteTeamCountry "CAN"]
[BlackTeamCountry "CAN"]

1. e4 c5 2. Ne2 Nc6 3. Nbc3 Nf6 4. g3 e5 5. Bg2 a6 6. a4 b6 7. 0-0 Be7 8. d3 Bb7 9. f4 d6 10. f5 Nb4 11. h3 d5 12. exd5 Nbxd5 13. Ne4 Qc7 14. g4 Rd8 15. Bd2 c4 16. Rc1 Nxe4 17. Bxe4 Bc5+ 18. Kh2 Ne3 19. Bxe3 Bxe3 20. Bxb7 Bxc1 21. Bxa6 e4+ 22. Ng3 Bf4 23. Bb5+ Kf8 24. Qe1 Bxg3+ 25. Qxg3 Qxg3+ 26. Kxg3 cxd3 27. Rd1 Ke7 28. cxd3 Rd4 29. Re1 Kd6 30. dxe4 Ke5 31. Kf3 Rb4 32. Rd1 Rd4 33. Rxd4 Kxd4 34. Bc6 h5 35. g5 Kd3 36. Bd5 f6 37. g6 Rc8 38. Bb7 Rc1 39. b3 Kd4 40. Bd5 Rc3+ 41. Kg2 Ke5 42. Kh2 Kf4 43. Kg2 Re3 44. Kh2 Re2+ 45. Kg1 Kg3 46. Kf1 Rc2 47. Bc4 Kxh3 48. e5 Rg2 49. e6 Kg3 50. e7 Rf2+ 51. Ke1 Rxf5 52. e8Q Re5+ 53. Qxe5+ fxe5 54. b4 h4 55. a5 bxa5 56. bxa5 h3 57. Bd5 Kf4 58. a6 1-0

[Event "Montreal Ligue elite du dimanche S9"]
[Site "Montreal"]
[Date "2018.09.23"]
[Round "1"]
[White "Omichi, Haruaki"]
[Black "Lafleche, Alain"]
[Result "1-0"]
[WhiteElo "1658"]
[BlackElo "1620"]
[PlyCount "89"]
[EventDate "2018.09.23"]
[EventType "swiss"]
[EventRounds "5"]
[EventCountry "CAN"]
[SourceTitle "EXT 2022"]
[Source "ChessBase"]
[SourceDate "2021.10.06"]
[SourceVersion "1"]
[SourceVersionDate "2021.10.06"]
[SourceQuality "1"]
[WhiteTeam "FunkyChess"]
[BlackTeam "L33la"]
[WhiteTeamCountry "CAN"]
[BlackTeamCountry "CAN"]

1. e4 e5 2. Nf3 Nc6 3. Nc3 Nf6 4. d4 exd4 5. Nxd4 Bb4 6. Nxc6 bxc6 7. Bd3 d5 8. exd5 cxd5 9. 0-0 0-0 10. Bg5 c6 11. Qf3 Be7 12. Rfe1 Be6 13. Ne2 Rb8 14. Rab1 h6 15. Bf4 Bd6 16. Nd4 Bg4 17. Qg3 Bxf4 18. Qxf4 Bd7 19. Nf5 Bxf5 20. Qxf5 Qa5 21. b3 Qc3 22. Re3 Rfe8 23. Rg3 Re1+ 24. Rxe1 Qxe1+ 25. Bf1 Qe6 26. Qf4 Re8 27. Qxh6 g6 28. Rh3 Nh5 29. Re3 Qd7 30. Be2 Rxe3 31. Qxe3 Ng7 32. h3 d4 33. Qf3 Qe8 34. Kf1 Nf5 35. Bd3 Nd6 36. a4 f5 37. Qg3 Qe6 38. h4 Ne4 39. Qb8+ Kh7 40. Qxa7+ Kh6 41. Qxd4 Nd2+ 42. Kg1 Qe1+ 43. Kh2 Kh5 44. Qf4 Qe7 45. Be2+ 1-0

[Event "Montreal Young Stars 2"]
[Site "Montreal"]
[Date "2017.12.09"]
[Round "1.12"]
[White "Omichi, Haruaki"]
[Black "Rasmussen, Nicolas"]
[Result "1-0"]
[WhiteElo "1485"]
[BlackElo "1062"]
[PlyCount "73"]
[EventDate "2017.12.09"]
[EventType "swiss"]
[EventRounds "8"]
[EventCountry "CAN"]
[SourceTitle "EXT 2022"]
[Source "ChessBase"]
[SourceDate "2021.10.06"]
[SourceVersion "1"]
[SourceVersionDate "2021.10.06"]
[SourceQuality "1"]

1. e4 c6 2. d4 d5 3. exd5 cxd5 4. Bd3 Nf6 5. Bf4 e6 6. Nf3 Qb6 7. Qc1 Nc6 8. c3 Be7 9. 0-0 h6 10. Nbd2 0-0 11. Re1 a6 12. Ne5 Nxe5 13. Bxe5 Qc6 14. Nf3 b5 15. Bf4 Nd7 16. Bxh6 e5 17. Bxg7 Kxg7 18. Nxe5 Nxe5 19. Rxe5 Qf6 20. Qe3 Re8 21. Re1 Kf8 22. Rh5 Be6 23. h4 Bg4 24. Rh6 Qg7 25. Qf4 Kg8 26. Rh7 Qf6 27. Qxg4+ Kf8 28. Qh5 Kg8 29. Re5 Bd6 30. Rg5+ Kf8 31. Rh8+ Ke7 32. Rxe8+ Rxe8 33. Rf5 Qg7 34. Qg5+ Qxg5 35. Rxg5 Kf8 36. g3 f6 37. Rxd5 1-0

[Event "Montreal op U2000"]
[Site "Montreal"]
[Date "2016.09.11"]
[Round "5.58"]
[White "Omichi, Haruaki"]
[Black "Desmarais, Serge"]
[Result "1-0"]
[WhiteElo "1569"]
[BlackElo "1730"]
[PlyCount "93"]
[EventDate "2016.09.09"]
[EventType "swiss"]
[EventRounds "5"]
[EventCountry "CAN"]
[SourceTitle "EXT 2022"]
[Source "ChessBase"]
[SourceDate "2021.10.06"]
[SourceVersion "1"]
[SourceVersionDate "2021.10.06"]
[SourceQuality "1"]

1. e4 Nf6 2. e5 Nd5 3. d4 d6 4. c4 Nb6 5. f4 dxe5 6. fxe5 Bf5 7. Nc3 e6 8. Nf3 Be7 9. Be2 c6 10. 0-0 0-0 11. Be3 Na6 12. a3 Nc7 13. Qe1 Rc8 14. Rd1 Kh8 15. b4 Rg8 16. h3 Rf8 17. g4 Bc2 18. Rc1 Bg6 19. h4 f6 20. Qg3 Ne8 21. g5 Qc7 22. Bf4 f5 23. Ne1 Bf7 24. h5 g6 25. hxg6 Bxg6 26. Ng2 Bd8 27. Nh4 Qf7 28. Nxg6+ Qxg6 29. Kf2 Kg7 30. Rh1 Qf7 31. Bh5 Qd7 32. Ne2 Rh8 33. Qh3 Kg8 34. Bf3 Qg7 35. Qg2 Nc7 36. Ng3 Be7 37. Nh5 Qg6 38. Qh3 Rd8 39. Be3 Rf8 40. Nf4 Qg7 41. Nh5 Qf7 42. Nf6+ Bxf6 43. gxf6 Rd8 44. Qh6 Qg6 45. Rhg1 Kf7 46. Bh5 Rhg8 47. Qxh7+ 1-0

[Event "Windsor NAYCC U12"]
[Site "Windsor"]
[Date "2016.08.10"]
[Round "6.99"]
[White "Omichi, Haruaki"]
[Black "Ouyang, Nathan J"]
[Result "0-1"]
[WhiteElo "1071"]
[BlackElo "1693"]
[PlyCount "96"]
[EventDate "2016.08.07"]
[EventType "swiss"]
[EventRounds "9"]
[EventCountry "CAN"]
[SourceTitle "EXT 2022"]
[Source "ChessBase"]
[SourceDate "2021.10.06"]
[SourceVersion "1"]
[SourceVersionDate "2021.10.06"]
[SourceQuality "1"]

1. e4 c5 2. Nf3 e6 3. d4 cxd4 4. Nxd4 Nf6 5. Nc3 Nc6 6. Bf4 d6 7. Bb5 Qc7 8. Qd2 Bd7 9. Nxc6 bxc6 10. Ba4 e5 11. Be3 Be7 12. 0-0 0-0 13. Rad1 h6 14. h3 Be6 15. f4 Rfd8 16. f5 Bc4 17. Rf3 d5 18. exd5 cxd5 19. Rg3 Nh5 20. Rg4 d4 21. Bxd4 Rxd4 22. Rxd4 exd4 23. Ne4 Qf4 24. Qxf4 Nxf4 25. b3 Ba6 26. Kf2 Rd8 27. Kg3 Ne2+ 28. Kf3 Nc3 29. Nxc3 dxc3 30. Rxd8+ Bxd8 31. b4 Kf8 32. b5 Bb7+ 33. Kf2 Bb6+ 34. Kg3 Ke7 35. Kh2 Kd6 36. Bb3 Bd5 37. g4 Bxb3 38. axb3 Ke5 39. Kg2 Kd4 40. Kf1 Ke3 41. Ke1 Kf3 42. b4 Ke3 43. Kd1 Kd4 44. Ke2 Kc4 45. h4 Kxb4 46. Kd3 Ba5 47. g5 hxg5 48. hxg5 Kxb5 0-1

[Event "CAN-ch U10"]
[Site "Windsor"]
[Date "2015.07.07"]
[Round "2.104"]
[White "Omichi, Haruaki"]
[Black "Ho, Hewitt"]
[Result "1-0"]
[WhiteElo "1164"]
[BlackElo "823"]
[PlyCount "121"]
[EventDate "2015.07.06"]
[EventType "swiss"]
[EventRounds "7"]
[EventCountry "CAN"]
[SourceTitle "EXT 2022"]
[Source "ChessBase"]
[SourceDate "2021.10.06"]
[SourceVersion "1"]
[SourceVersionDate "2021.10.06"]
[SourceQuality "1"]

1. e4 e5 2. Nf3 Nc6 3. Nc3 Nge7 4. d4 exd4 5. Nxd4 g6 6. Be3 Bg7 7. Bc4 0-0 8. 0-0 h6 9. Qd2 Kh7 10. Rad1 d6 11. f4 Bg4 12. Be2 Bxe2 13. Ncxe2 f5 14. Ng3 fxe4 15. Nxe4 d5 16. Nc5 Nf5 17. Nce6 Qf6 18. Nxf8+ Rxf8 19. Nxc6 bxc6 20. c3 Re8 21. Bxa7 Ra8 22. Bd4 Nxd4 23. Qxd4 Qd6 24. Qd3 Rxa2 25. f5 Qc5+ 26. Kh1 Rxb2 27. fxg6+ Kg8 28. Rc1 d4 29. cxd4 Qd5 30. Qc4 Rd2 31. Qxd5+ cxd5 32. Rxc7 Rxd4 33. Rc8+ Bf8 34. Rfxf8+ Kg7 35. h3 Rd1+ 36. Kh2 Kxg6 37. Rc5 d4 38. Rd8 Rf1 39. Rd6+ Rf6 40. Rxf6+ Kxf6 41. Rd5 h5 42. Rxd4 Kg5 43. Kg3 Kh6 44. Kh4 Kg6 45. Rd6+ Kf5 46. Kxh5 Ke5 47. Rd1 Kf4 48. g4 Ke5 49. g5 Ke6 50. Rf1 Ke7 51. g6 Ke6 52. g7 Ke5 53. g8Q Ke4 54. Qe6+ Kd3 55. Rd1+ Kc2 56. Qd5 Kc3 57. Qc5+ Kb2 58. Qe3 Kc2 59. Qd3+ Kb2 60. Rb1+ Ka2 61. Qb3# 1-0

[Event "CAN-ch U10"]
[Site "Windsor"]
[Date "2015.07.07"]
[Round "3.97"]
[White "Omichi, Haruaki"]
[Black "Issani, Nameer"]
[Result "0-1"]
[WhiteElo "1164"]
[BlackElo "1983"]
[PlyCount "54"]
[EventDate "2015.07.06"]
[EventType "swiss"]
[EventRounds "7"]
[EventCountry "CAN"]
[SourceTitle "EXT 2022"]
[Source "ChessBase"]
[SourceDate "2021.10.06"]
[SourceVersion "1"]
[SourceVersionDate "2021.10.06"]
[SourceQuality "1"]

1. e4 e5 2. Nf3 Nc6 3. Nc3 Bc5 4. Bc4 Nf6 5. d3 d6 6. Bg5 Be6 7. Bb3 Qd7 8. 0-0 h6 9. Be3 Bb6 10. Nd5 Bxd5 11. exd5 Ne7 12. c4 Bxe3 13. fxe3 0-0-0 14. Ba4 Qg4 15. Nd2 Qg6 16. Bc2 Ng4 17. Qf3 f5 18. Qg3 h5 19. h4 Kb8 20. Rae1 Rde8 21. Nf3 f4 22. exf4 Nf5 23. Qh3 Nfe3 24. Re2 Nxf1 25. Kxf1 exf4 26. Rxe8+ Qxe8 27. Nd4 f3 0-1

[Event "CAN-ch U10"]
[Site "Windsor"]
[Date "2015.07.06"]
[Round "1.92"]
[White "Zhou, Aiden"]
[Black "Omichi, Haruaki"]
[Result "1-0"]
[WhiteElo "1870"]
[BlackElo "1164"]
[PlyCount "125"]
[EventDate "2015.07.06"]
[EventType "swiss"]
[EventRounds "7"]
[EventCountry "CAN"]
[SourceTitle "EXT 2022"]
[Source "ChessBase"]
[SourceDate "2021.10.06"]
[SourceVersion "1"]
[SourceVersionDate "2021.10.06"]
[SourceQuality "1"]

1. e4 c5 2. Nf3 Nc6 3. Bb5 e6 4. Bxc6 bxc6 5. 0-0 d5 6. exd5 cxd5 7. c3 Nf6 8. d4 c4 9. Bf4 Be7 10. Nbd2 0-0 11. Ne5 Bd7 12. Ndf3 Ne4 13. Nxd7 Qxd7 14. Ne5 Qb7 15. f3 Nd6 16. Qe2 Rab8 17. Rab1 Rfe8 18. Ng4 Bf8 19. Qd2 f6 20. Rfe1 Rbd8 21. Qc2 Nf7 22. Bg3 Bd6 23. Bh4 Qe7 24. Re2 g5 25. Bg3 Bxg3 26. hxg3 Kg7 27. Rbe1 Qd6 28. Kf2 h5 29. Ne3 Rh8 30. Nf1 Rde8 31. Ne3 h4 32. Nf5+ exf5 33. Rxe8 hxg3+ 34. Kf1 Rh1+ 35. Ke2 Qf4 36. Rxh1 Nd6 37. Re7+ Kf8 38. Re3 g4 39. Qd2 gxf3+ 40. Rxf3 Qe4+ 41. Re3 Qg4+ 42. Ke1 Ne4 43. Qe2 Qg5 44. Qf3 Qg6 45. Qf4 Qg4 46. Qxg4 fxg4 47. Rxe4 dxe4 48. Rh4 f5 49. Rh5 Ke7 50. Rxf5 Ke6 51. Re5+ Kf6 52. Rxe4 Kf5 53. Re5+ Kf4 54. Ke2 a6 55. Ra5 Ke4 56. d5 Ke5 57. Ke3 Kd6 58. Kd4 Kd7 59. Rxa6 Kc7 60. Kc5 Kb7 61. Rc6 Kb8 62. Kb6 Ka8 63. Rc8# 1-0